Statistics for Songs in Arcaea (World Extend)

Click here to take the quiz!

General Stats

  • This quiz has been taken 8 times
  • The average score is 18 of 20

Answer Stats

SongArtistPSTPRSFTRLengthBPMVer% Correct
1F√WHITEFISTS2682:171303.0.0
100%
Bamboo立秋 feat.ちょこ369+2:215-3153.5.1
100%
Black Lotuswa.369+1:542003.0.0
100%
CROSS†OVERHyuN feat. LyuU4692:312003.2.1
100%
enchanted lovelinear ring2482:10953.5.1
100%
Gekka (Short Version)Nhato4682:441323.0.0
100%
G e n g a o z o-4547102:431533.8.6
100%
GlowSPACELECTRO4792:151653.5.0
100%
LapisSHIKI2692:201463.2.2
100%
Life is PIANOJunk3592:091333.5.4
100%
Purple VerseHommarju4792:191703.3.0
100%
TurbochargerA/I2582:29128-1703.6.2
100%
blue cometああああ3582:29100-1723.8.2
75%
ENERGY SYNERGY MATRIXTanchiky3792:041603.8.4
75%
Faint LightTaishi3692:361333.0.3
75%
Give Me a Nightmareアリスシャッハと魔法の楽団3592:3295-1903.0.0
75%
HIVEMINDかたぎり479+2:122523.7.0
75%
VandalismAshrount369+2:291943.6.0
75%
Vivid Theoryak+q2582:281783.0.0
75%
False Embellishment影虎。 & ikaruga_nex3692:291553.7.0
50%

Score Distribution

Percentile by Number Answered

Percent of People with Each Score

Your Score History

You have not taken this quiz